000 00659cam a2200241 4500500
005 20260329002506.0
041 _afre
042 _adc
100 1 0 _aFlaßpöhler, Svenja
_eauthor
245 0 0 _aRésonances / Octobre 2012
260 _c2012.
500 _a83
690 _aAyn Rand
690 _aGuerre
690 _aHomosexualité
690 _aMariage
690 _aMars
690 _aPaul Ryan
690 _aPolitique
690 _aTerre
786 0 _nPhilosophie magazine | 63 | 10 | 2012-10-01 | p. 12-12 | 1951-1787
856 4 1 _uhttps://shs.cairn.info/magazine-philosophie-magazine-2012-10-page-12?lang=fr&redirect-ssocas=7080
999 _c1815529
_d1815529